000
00239nam a22000857a 4500
008
170113b xxu||||| |||| 00| 0 eng d
100
_9
2409
_a
Britanica
245
_a
Britanica Ready Reference Encyclopedia
260
_a
New Delhi
_b
Encyclopedia
_c
2005
999
_c
5442
_d
5442